Accounting and finance for the international hospitality industry (Record no. 17824)
[ view plain ]
| 000 -LEADER | |
|---|---|
| fixed length control field | 00564nam a22001697a 4500 |
| 008 - FIXED-LENGTH DATA ELEMENTS--GENERAL INFORMATION | |
| fixed length control field | 190710b xxu||||| |||| 00| 0 eng d |
| 020 ## - INTERNATIONAL STANDARD BOOK NUMBER | |
| International Standard Book Number | 0750635868 |
| 040 ## - CATALOGING SOURCE | |
| Original cataloging agency | KABU |
| Transcribing agency | KABU |
| 050 ## - LIBRARY OF CONGRESS CALL NUMBER | |
| Classification number | HF5686 |
| Item number | .A23 1995 c. 1 |
| 245 ## - TITLE STATEMENT | |
| Title | Accounting and finance for the international hospitality industry |
| Statement of responsibility, etc. | edited by Peter J. Harris |
| 260 ## - PUBLICATION, DISTRIBUTION, ETC. (IMPRINT) | |
| Place of publication, distribution, etc. | London |
| Name of publisher, distributor, etc. | Routledge |
| Date of publication, distribution, etc. | 1995 |
| 300 ## - PHYSICAL DESCRIPTION | |
| Extent | xvii, 319 p. |
| 650 ## - SUBJECT ADDED ENTRY--TOPICAL TERM | |
| Topical term or geographic name as entry element | Hospitality industry |
| General subdivision | Accounting |
| 650 ## - SUBJECT ADDED ENTRY--TOPICAL TERM | |
| Topical term or geographic name as entry element | International business enterprises |
| General subdivision | Accounting |
| 700 ## - ADDED ENTRY--PERSONAL NAME | |
| Personal name | Harris, Peter J. |
| 942 ## - ADDED ENTRY ELEMENTS (KOHA) | |
| Source of classification or shelving scheme | Library of Congress Classification |
| Koha item type | General Collection |
| Classification part | HF5686 |
| Withdrawn status | Lost status | Source of classification or shelving scheme | Not for loan | Home library | Current library | Date acquired | Cost, normal purchase price | Total Checkouts | Full call number | Barcode | Date last seen | Copy number | Price effective from | Koha item type |
|---|---|---|---|---|---|---|---|---|---|---|---|---|---|---|
| Library of Congress Classification | Kabarak, Main Campus | Kabarak, Main Campus | 10/07/2019 | 4188.16 | HF5686 .A23 1995 c. 1 | 023361 | 10/07/2019 | c. 1 | 10/07/2019 | General Collection | ||||
| Library of Congress Classification | Kabarak, Main Campus | Kabarak, Main Campus | 10/07/2019 | 4188.16 | HF5686 .A23 1995 c. 2 | 023362 | 10/07/2019 | c. 2 | 10/07/2019 | General Collection | ||||
| Library of Congress Classification | Kabarak, Main Campus | Kabarak, Main Campus | 10/07/2019 | 4188.16 | HF5686 .A23 1995 c. 3 | 023363 | 10/07/2019 | c. 3 | 10/07/2019 | General Collection |